<?xml version="1.0" encoding="UTF-8"?>
<record
    xmlns:xsi="http://www.w3.org/2001/XMLSchema-instance"
    xsi:schemaLocation="http://www.loc.gov/MARC21/slim http://www.loc.gov/standards/marcxml/schema/MARC21slim.xsd"
    xmlns="http://www.loc.gov/MARC21/slim">

  <leader>01563nkc a2200301 i 4500</leader>
  <controlfield tag="005">20220317001341.0</controlfield>
  <controlfield tag="007">ta</controlfield>
  <controlfield tag="008">210910s2005    ck     j      s   vcspa d             spa</controlfield>
  <datafield tag="020" ind1=" " ind2=" ">
    <subfield code="a">9788460582124</subfield>
  </datafield>
  <datafield tag="040" ind1=" " ind2=" ">
    <subfield code="a">CO-BoRNBP</subfield>
    <subfield code="b">spa</subfield>
    <subfield code="c">CO-BoRNBP</subfield>
    <subfield code="e">rda</subfield>
  </datafield>
  <datafield tag="041" ind1=" " ind2=" ">
    <subfield code="a">spa</subfield>
  </datafield>
  <datafield tag="082" ind1="0" ind2="4">
    <subfield code="a">611.81</subfield>
    <subfield code="b">D37i</subfield>
    <subfield code="2">22</subfield>
  </datafield>
  <datafield tag="110" ind1="2" ind2=" ">
    <subfield code="a">Discovery Communications</subfield>
    <subfield code="9">190160</subfield>
  </datafield>
  <datafield tag="245" ind1="1" ind2="3">
    <subfield code="a">El incre&#xED;ble cerebro humano</subfield>
    <subfield code="c">Discovery Communications</subfield>
  </datafield>
  <datafield tag="250" ind1=" " ind2=" ">
    <subfield code="a">Primera edici&#xF3;n</subfield>
  </datafield>
  <datafield tag="264" ind1=" " ind2="1">
    <subfield code="a">Bogot&#xE1;</subfield>
    <subfield code="b">MS Tv &amp; Videos</subfield>
    <subfield code="c">2005</subfield>
  </datafield>
  <datafield tag="300" ind1=" " ind2=" ">
    <subfield code="a">1 DVD (60 minutos)</subfield>
    <subfield code="b">sonido, color, digital</subfield>
    <subfield code="c">12 cm</subfield>
  </datafield>
  <datafield tag="336" ind1=" " ind2=" ">
    <subfield code="2">rdacontent</subfield>
    <subfield code="a">imagen bidimensional en movimiento</subfield>
    <subfield code="b">tdi</subfield>
  </datafield>
  <datafield tag="337" ind1=" " ind2=" ">
    <subfield code="2">rdamedia</subfield>
    <subfield code="a">video</subfield>
    <subfield code="b">v</subfield>
  </datafield>
  <datafield tag="338" ind1=" " ind2=" ">
    <subfield code="2">rdacarrier</subfield>
    <subfield code="a">videodisco</subfield>
    <subfield code="b">vd</subfield>
  </datafield>
  <datafield tag="490" ind1="0" ind2=" ">
    <subfield code="a">Discovery Channel. Educaci&#xF3;n : Estudios sociales</subfield>
  </datafield>
  <datafield tag="520" ind1=" " ind2=" ">
    <subfield code="a">Durante mucho tiempo, el cerebro fue un misterio. En este programa, cient&#xED;ficos especializados utilizan sorprendentes tecnolog&#xED;as para revelarnos muchas de aquellas inc&#xF3;gnitas. En una masa de tejido del tama&#xF1;o de un pomelo, el cerebro guarda su infinita capacidad de aprendizaje, funcionando permanentemente, sin cansarse y sin descansar. Se revela los &#xFA;ltimos descubrimientos respecto a las conexiones neuronales que moldean nuestra personalidad y nos permiten pensar. El cerebro es el m&#xE1;s sagrado de los &#xF3;rganos: el que nos define como seres humanos.</subfield>
  </datafield>
  <datafield tag="521" ind1=" " ind2=" ">
    <subfield code="a">Recomendado a partir de los 12 a&#xF1;os</subfield>
  </datafield>
  <datafield tag="650" ind1="1" ind2="7">
    <subfield code="a">Neuroanatom&#xED;a</subfield>
    <subfield code="v">DVD</subfield>
    <subfield code="2">ARMARC</subfield>
  </datafield>
  <datafield tag="650" ind1="1" ind2="7">
    <subfield code="a">Neuronas</subfield>
    <subfield code="v">DVD</subfield>
    <subfield code="2">ARMARC</subfield>
  </datafield>
  <datafield tag="650" ind1="1" ind2="7">
    <subfield code="a">Cerebro</subfield>
    <subfield code="x">Investigaciones</subfield>
    <subfield code="v">DVD</subfield>
    <subfield code="2">ARMARC</subfield>
  </datafield>
  <datafield tag="942" ind1=" " ind2=" ">
    <subfield code="2">ddc</subfield>
    <subfield code="c">DVD</subfield>
  </datafield>
  <datafield tag="999" ind1=" " ind2=" ">
    <subfield code="c">6697</subfield>
    <subfield code="d">6697</subfield>
  </datafield>
</record>
